000 00924nam a2200277 4500
001 25047
003 BD-RjUL
005 20211209050825.0
008 140316t1996 ii ad b 001 0 eng d
020 _a8171007015
035 _a(BD-RjUL)25116
040 _aDLC
_beng
_cDLC
_dBD-RjUL
041 _aeng
082 0 4 _a954
_bJOS 1996
100 1 _aJoy, P. A.
_977045
245 1 0 _aSAARC trade and development /
_cP.A. Joy ; foreword by M. Saeed
260 _aNew Delhi :
_bDeep & Deep Publications,
_cc1996.
300 _axii, 250 p. :
_bill. ;
_c22 cm
504 _aIncludes bibliographical references and index
610 2 0 _aSouth Asian Association for Regional Cooperation.
_9180130
651 0 _aSouth Asia
_xEconomic policy
_977047
651 0 _aSouth Asia
_xSocial policy
_977048
740 0 _aSouth Asian Association for Regional Cooperation trade and development
942 _2ddc
_cBK
999 _c25047
_d25047